000 00679nam a2200217 a 4500
999 _c2559
_d2559
001 2559
003 BD-JhCC
005 20171104183334.0
008 171104s1370 bg |||| ||a| 001 0 ben d
035 _a(BD-JhCC)2559
040 _aBD-JhCC
_dBD-JhCC
041 _aben
082 _a891.4435
_bPAS 1370
100 _aপাশা, আনোয়ার
245 _aরবীন্দ্র-ছোটগল্প সমীক্ষা /
_cআনোয়ার পাশা
260 _aঢাকা :
_bইস্ট বেঙ্গল পাবলিশার্স,
_c1370.
300 _a204 p. :
_c22 cm.
650 _aShort Stories
942 _2ddc
_cBK